000 00632nam a2200193Ii 4500
003 JO-AjNU
008 230605s9999||||xx |||||||||||||| ||und||
040 _aJO-AjNU
_bara
_erda
_cJO-AjNU
041 _aara
050 1 4 _aHB489.44.M8338.1982
100 3 _aعبدالكريم، محمد الغريب,
_eauthor
_938285
245 0 0 _aسسيولوجيا السكان
264 3 1 _aالاسكندرية:المكتب الجامعي الحديث،1982
300 _a558ص
336 _atext
_btxt
_2rdacontent
337 _aunmediated
_bn
_2rdamedia
338 _avolume
_bnc
_2rdacarrier
650 4 _aالسكان-احصاءات
_938286
999 _aA16072
_c19640
_d19640